| 000 | 00755nam a2200229 i 4500 | ||
|---|---|---|---|
| 001 | 39957 | ||
| 003 | ES-MaACL | ||
| 005 | 20240229063308.0 | ||
| 007 | t| | ||
| 008 | 030304s1986 sp ||||1| spa d | ||
| 020 | _a84-206-2455-1 | ||
| 100 | 0 |
_aCarr, Edward Hallett, _d1892-1982 _935467 |
|
| 245 | 1 | 3 |
_aEl ocaso de la Comintern, 1930-1935 / _cE. H. Carr ; versión española de Fernando Santos Fontenla. |
| 260 |
_aMadrid : _bAlianza, _c[1986] |
||
| 300 |
_a487 p. ; _c20 cm. |
||
| 490 | 1 |
_aAlianza universidad. Historia ; _v455 |
|
| 500 | _aIndice. | ||
| 700 | 1 |
_aSantos Fontenla, Fernando. _9103502 |
|
| 830 | 0 |
_aAlianza universidad. Historia ; _v455 _9177525 |
|
| 852 |
_aES-MaACL _jL-10869 _bR.112522 |
||
| 999 |
_c39957 _d39957 |
||